| 000 | 01532cam a22003374a 4500 | ||
|---|---|---|---|
| 999 |
_c356146 _d356146 |
||
| 001 | 12765782 | ||
| 003 | NUST | ||
| 005 | 20180126110644.0 | ||
| 008 | 020506s2002 nyua b 001 0 eng | ||
| 010 | _a 2002071321 | ||
| 020 | _a0471436240 (alk. paper) | ||
| 040 |
_aDLC _cDLC _dDLC |
||
| 042 | _apcc | ||
| 050 | 0 | 0 |
_aTD889 _b.F37 2002 |
| 082 | 0 | 0 |
_a628.53 HEC _221 |
| 100 | 1 |
_aHeck, Ronald M., _d1943- _99957 |
|
| 245 | 1 | 0 |
_aCatalytic air pollution control : _bcommercial technology / _cRonald M. Heck and Robert J. Farrauto, with Suresh T. Gulati. |
| 250 | _a2nd ed. | ||
| 260 |
_aNew York : _bWiley-Interscience, _cc2002. |
||
| 300 |
_axix, 391p. : _bill. ; _c25 cm. |
||
| 500 | _aH.B | ||
| 504 | _aIncludes bibliographical references and index. | ||
| 650 | 0 |
_aAir _xPurification _xEquipment and supplies. _96489 |
|
| 650 | 0 |
_aCatalysts. _99958 |
|
| 700 | 1 |
_aFarrauto, Robert J., _d1941- _99959 |
|
| 700 | 1 |
_aGulati, Suresh T. _99960 |
|
| 856 | 4 | 2 |
_3Contributor biographical information _uhttp://www.loc.gov/catdir/bios/wiley043/2002071321.html |
| 856 | 4 | 2 |
_3Publisher description _uhttp://www.loc.gov/catdir/description/wiley035/2002071321.html |
| 856 | 4 | 1 |
_3Table of contents _uhttp://www.loc.gov/catdir/toc/wiley023/2002071321.html |
| 906 |
_a7 _bcbc _corignew _d1 _eocip _f20 _gy-gencatlg |
||
| 942 |
_2ddc _cBK _kIESE |
||